| 000 | 01062nam a2200325Ia 4500 | ||
|---|---|---|---|
| 003 | OSt | ||
| 005 | 20221007124718.0 | ||
| 006 | a|||||r|||| 00| 0 | ||
| 007 | ta | ||
| 008 | 221006b |||||||| |||| 00| 0 eng d | ||
| 020 | _a9788130919195 (pbk) | ||
| 024 | _a194273 | ||
| 037 |
_b898, 12/10/2015, Dhanraj Book House _cTextual |
||
| 040 |
_aCDL _cCDL _beng |
||
| 041 |
_2eng _aeng |
||
| 082 | _aE:2, N8;Q1;5-;7 Carc | ||
| 100 |
_aMcquarrie Donald A _9452383 |
||
| 245 | 0 |
_aPhysical chemistry: a molecular approach _b Simon John D |
|
| 260 |
_aNew _bDelhi Viva Book _c2011 |
||
| 300 |
_axxi, 1270p. ill. _ccm. |
||
| 500 | _aIndex 1259-1270p.; Reprint 2015. | ||
| 650 | _a Determinants | ||
| 650 |
_a Multielectron atoms _9720214 |
||
| 650 |
_a Series and limits _9720215 |
||
| 650 |
_a Vectors _9714069 |
||
| 650 |
_aComplex numbers _9716356 |
||
| 700 | _a Simon John D | ||
| 942 |
_hE:2, N8;Q1;5-;7 Carc _cTEXL _2CC |
||
| 999 |
_c1213976 _d1213976 |
||